00303nam a2200121Ia 4500008004100000082001500041100001800056245002400074260002700098300000800125630002400133730002400157100122s9999 xx 000 0 und d b23980a823 aGREENE GRAHAM aTHE HONORARY CONSUL bSIMON & SCHUSTERc1973 a315 aTHE HONORARY CONSUL aTHE HONORARY CONSUL